A descoberta da escrita (Registo nº 1152)
[ vista simples ]
| 000 -Etiqueta do registo | |
|---|---|
| Cabeçalho | 01121nam a2200349 i 4500 |
| 005 - Identificador da versão | |
| Campo de controlo | 20240813121827.0 |
| 010 ## - Número internacional normalizado dos livros (ISBN) | |
| Número (ISBN) | 9789727422791 |
| 021 ## - Número do Depósito Legal | |
| Código do país | PT |
| Número | 275834/08 |
| 100 ## - Dados gerais de processamento | |
| Dados gerais de processamento | 20080324d2008 m a0pory5003 ba |
| 102 ## - Pais de publicação ou produção | |
| País de publicação | Portugal |
| 101 0# - Língua de publicação | |
| Língua do texto, banda sonora, etc. | Português |
| 106 ## - Campo de dados codificados: material textual | |
| Dados codificados do material textual | r |
| 105 ## - Campo de dados codificados: livros | |
| Dados codificados dos livros | a j 000yy |
| 215 ## - Descrição física | |
| Indicação específica da natureza do documento e extensão da espécie | 109 p. |
| Outras indicações físicas | il. |
| Dimensões | 27 cm |
| 200 1# - Titulo e menção de responsabilidade | |
| Título próprio | A descoberta da escrita |
| Informação de outro título | textos de apoio para educadores de infância |
| Primeira menção de responsabilidade | Lourdes Mata |
| Outras menções de responsabilidade | coord. Inês Sim-Sim |
| -- | org. Liliana Marques, Helena Gil |
| 205 ## - Menção da edição | |
| Menção da edição | 1a ed |
| 210 ## - Publicação, Distribuição, etc. | |
| Lugar da edição, distribuição, etc. | Lisboa |
| Nome do editor, distribuidor, etc. | Direcção-Geral de Inovação e de Desenvolvimento Curricular |
| Data da publicação, distribuição, etc. | 2008 |
| 320 ## - Nota relativa a bibliografia e índices internos | |
| Texto da nota | Bibliografia, p. 103-104 |
| 675 ## - Classificação Decimal Universal (CDU) | |
| Notação | 159.946(075) |
| Edição | BN |
| Língua da edição | por |
| Notação | 811.134.3(075) |
| Edição | BN |
| Língua da edição | por |
| Notação | 371.3(075) |
| Edição | BN |
| Língua da edição | por |
| Notação | 373.5.2(469) |
| Edição | BN |
| Língua da edição | por |
| 702 #1 - Nome de autor-pessoa física (responsabilidade secundária) | |
| Número de registo de entrada de autoridade | 0001584 |
| Palavra de ordem | Sim-Sim |
| Outra parte do nome não tomada para palavra de ordem | Inês |
| Datas | 1946- |
| Código de função | Editor literário / Coordenador |
| Número de registo de entrada de autoridade | 0001609 |
| ID Autoridade | 2 |
| Palavra de ordem | Marques |
| Outra parte do nome não tomada para palavra de ordem | Liliana |
| Código de função | Editor literário / Coordenador |
| Número de registo de entrada de autoridade | 0001610 |
| Palavra de ordem | Gil |
| Outra parte do nome não tomada para palavra de ordem | Helena |
| Código de função | Editor literário / Coordenador |
| 700 #1 - Nome de autor-pessoa física (responsabilidade principal) | |
| Número de registo de entrada de autoridade | 0001608 |
| Palavra de ordem | Mata |
| Outra parte do nome não tomada para palavra de ordem | Lurdes |
| Datas | 1958- |
| 900 ## - | |
| -- | BIBNAC |
| -- | 20100106 |
| 942 ## - Elementos de entrada adicionados (Koha) | |
| Tipo de item no Koha | Livro |
| Situação do levantamento | Origin of item (home branch) (coded) | Biblioteca de empréstimo | Código de barras | Cota | Circulation type (not for loan) | Tipo de documento | Nota do exemplar | Damaged status |
|---|---|---|---|---|---|---|---|---|
| Biblioteca Escolar Eng. Nuno Mergulhão | Biblioteca Escolar Eng. Nuno Mergulhão | BENM2098 | 37 EDU | Livro | Sem mensagem |
